| 000 | 004300000a22001810004500 | ||
|---|---|---|---|
| 003 | MACL | ||
| 005 | 20160130133839.0 | ||
| 008 | 160130b xxu||||| |||| 00| 0 eng d | ||
| 040 |
_aMACL _cMACL |
||
| 041 | _aEnglish | ||
| 082 | _a821/SAR | ||
| 100 |
_aSarker, Sunil Kumar _936034 |
||
| 245 | _aT S Eliot | ||
| 260 |
_bAtlantic Publishers _c2000 _aDelhi |
||
| 350 | _a475 | ||
| 650 |
_aPoetry _936035 |
||
| 942 |
_cBK _k821/Sar _2ddc |
||
| 999 |
_c31636 _d31636 |
||